000 01838cam a2200421 i 4500
001 17919764
003 OSt
005 20240530110538.0
008 131024t20152015paua b 001 0 eng
010 _a 2013042519
020 _a9781451190236 (alk. paper)
020 _a1451190239 (alk. paper)
035 _a(DNLM)101618670
040 _aDNLM/DLC
_cDLC
_erda
_dDLC
042 _apcc
050 0 0 _aQM31
_b.D83 2015
060 1 0 _aQS 18.2
082 0 0 _223
_a612.002
_bD H
100 1 _aDudek, Ronald W.,
_d1950-
_eauthor.
245 1 0 _aHigh-yield gross anatomy /
_cRonald W. Dudek, Professor, Brody School of Medicine, East Carolina University, Department of Anatomy and Cell Biology, Greenville, North Carolina, Thomas M. Louis, Professor, Brody School of Medicine, East Carolina University, Department of Anatomy and Cell Biology, Greenville, North Carolina.
250 _aFifth edition.
264 1 _aPhiladelphia :
_bWolters Kluwer Health,
_c[2015]
264 4 _c©2015
300 _axi, 308 pages :
_billustrations (some color) ;
_c26 cm.
336 _atext
_2rdacontent
337 _aunmediated
_2rdamedia
338 _avolume
_2rdacarrier
490 0 _aHigh-yield
504 _aIncludes bibliographical references and index.
520 _a"High-Yield Gross Anatomy addresses many of the recurring clinical themes of the USMLE Step 1. The information presented in this text prepares you to handle not only the clinical vignettes found on the USMLE Step 1, but also the questions concerning basic gross anatomy concepts"--Provided by publisher.
650 0 _aHuman anatomy
_vOutlines, syllabi, etc.
650 0 _aAnatomy
_vOutlines.
650 1 2 _aAnatomy
_vOutlines.
700 1 _aLouis, Thomas,
_eauthor.
906 _a7
_bcbc
_corignew
_d1
_eecip
_f20
_gy-gencatlg
942 _2ddc
_cBK
999 _c62201
_d62201